Nekotoryje problemy programmy ESO

Vládny program ESO k zvýšeniu efektivity výkonu štátnej správy. Charakteristika programu ESO. Etapy reformy ESO. Ročná úspora štátnej správy. Analýza zavádzania obdobného systému v Maďarskej republike.

Gespeichert in:
Bibliographische Detailangaben
1. Verfasser: Schmidt, Peter, 1968-
Weitere Verfasser: Szabó, Lajos, Kultan, Jaroslav, 1960-
Format: Buchkapitel
Sprache:Slowakisch
Schlagworte:
Tags: Tag hinzufügen
Keine Tags, Fügen Sie das erste Tag hinzu!

MARC

LEADER 00000naa$a2200000$$$4500
001 0190390
005 20240502073213.1
041 0 |a slo 
044 |a SK 
245 1 0 |a Nekotoryje problemy programmy ESO  |c Peter Schmidt, Lajos Szabó, Jaroslav Kultan 
520 |a Vládny program ESO k zvýšeniu efektivity výkonu štátnej správy. Charakteristika programu ESO. Etapy reformy ESO. Ročná úspora štátnej správy. Analýza zavádzania obdobného systému v Maďarskej republike. 
610 2 0 |a správa verejná 
610 2 0 |a správa verejná elektronická 
610 2 0 |a správa štátna 
610 2 0 |a komunikácia elektronická 
610 2 0 |a technológie informačné 
610 2 0 |a technológie komunikačné 
610 2 0 |a Slovensko 
610 2 0 |a Maďarsko 
100 1 |a Schmidt, Peter, 1968- 
700 1 |a Szabó, Lajos 
700 1 |a Kultan, Jaroslav, 1960-